| 000 | 01049nam a2200265 a 4500 | ||
|---|---|---|---|
| 001 | 000004955 | ||
| 005 | 20240605121153.0 | ||
| 008 | 090728s2004 dr acd 001 0 spa d | ||
| 040 |
_aDO-SdBNP _bspa _cBNPHU |
||
| 082 |
_a303.4 _bP438e, 2004 |
||
| 100 | 1 |
_aPérez Sánchez, Manuel de Jesús _914312 |
|
| 245 | 1 | 0 |
_aEstrategias de cambio policial : _bprevención del crimen y respeto a los derechos individuales / _cManuel de Jesús Pérez Sánchez. |
| 246 | 1 | 3 | _aprevención del crimen y respeto a los derechos individuales |
| 250 | _a2a ed. | ||
| 260 |
_aSanto Domingo : _bPérez Sánchez Asociados, _c2004. |
||
| 300 |
_a734 p. : _bil., gráf., retrs. ; _c22 cm. |
||
| 500 | _aIncluye referencias bibliográficas y notas al pie de las páginas | ||
| 500 | _aIncluye datos biográficos del autor en al contracubierta | ||
| 500 | _aIncluye índice | ||
| 650 | 0 |
_aCambio social _91661 |
|
| 650 | 4 |
_aDerecho civil _93574 |
|
| 650 | 4 |
_aPlanificación social _914313 |
|
| 650 | 4 |
_aReforma del estado _92976 |
|
| 650 | 0 |
_aPolíticas públicas _967064 |
|
| 999 |
_c4761 _d4761 |
||